000 00460nam a2200169Ia 4500
008 090711s9999 xx 000 0 und d
082 _b1618
100 _aपवार रमेश
245 _aरसिका
260 _bसंवेदना प्रकाशन
_c2000
300 _a126
600 _aपवार रमेश
630 _aरसिका
700 _aपवार रमेश
730 _aरसिका
942 _cBOOK
999 _c338653
_d338650